| 000 | 00380nam a22001457a 4500 | ||
|---|---|---|---|
| 020 | _a0-07-050010-X | ||
| 082 | _a658.3 PIG'P | ||
| 100 |
_aPIGORS, PAUL,MYERS, CHARLES _977538 |
||
| 245 | _aPERSONNEL ADMINISTRATION A PRINT OF VIEW AND A METHOD | ||
| 250 | _a7TH | ||
| 260 |
_aTOKYO _bMCGRAW HILL _c1973 |
||
| 300 | _a588P | ||
| 650 |
_aPERSONAL MANAGEMENT _962420 |
||
| 942 | _cBK | ||
| 999 |
_c582803 _d582803 |
||